Statistics for TDS All Towers

Click here to take the quiz!

General Stats

  • This quiz has been taken 66 times
  • The average score is 29 of 40

Answer Stats

AnswerStore descriptionUnlock Cost% Correct
ScoutThe starter tower of the gameN/A
100%
SniperShoots enemies from large distances. One of the starter towersN/A
98%
CommanderA support tower that boosts the firerate of towers within its range.3500 Coins
88%
DemomanKa-boooom! A great splash damage tower for beginners!250 Coins
88%
FreezerShoot an ice beam, freezing targets for a few seconds.800 Coins
88%
PaintballerUsually, paintball guns aren't really useful in the apocalypse but apparently this one is. Deals splash damage150 Coins
88%
AcceleratorCharge a laser and release massive damage at deadly rates!2500 Gems
86%
Ace PilotFlies in a circular path, shooting enemies in its line of fire and dropping bombs.1500 Coins
86%
GladiatorSlash nearby enemies and deal area damage. Won from beating SFOTH Event 2019Triumph The Heights
86%
MedicA support tower that heals the base 5 HP per wave. At max, cleanses stunned towers.1500 Coins
86%
MinigunnerA high-firerate tower that carries a M61 Vulcan Gatling Gun5000 Coins
86%
DJWho said you couldn't rave during the apocalypse? Buffs ally troop ranges and lowers upgrade prices.4000 Coins
83%
MillitantTrained with an assault rifle, this tower deals medium damage at a fast firerate.2000 Coins
83%
RangerA long-range cliff tower that deals heavy damage8500 Coins
83%
SoldierA cheap and effective burst tower. Great for beginners!350 Coins
83%
Crook BossCommand henchmen to fight for you while looking cool!Level 30/400 Robux
81%
EngineerSentry comin' up!4500 Gems
81%
PyromancerBurn multiple enemies at once and chip away defense.2000 Coins
81%
ShotgunnerWields a powerful pump shotgun with small range. Pierces through enemies.2500 Coins
81%
FarmEarn extra cash per wave. The higher the upgrade, the higher the income.2000 Coins
79%
CommandoShoot enemies with dual laser guns and launches missiles. Won from the Area 51 event.Triumph Area 51
76%
CowboyThere ain't enough room for the two of us pardner... Gain cash every 5th shotTriumph Badlands (or previously End of the Line) on Fallen
74%
ElectroshockerZap! Stun enemies and chain your effects!3000 Coins
74%
Military BaseSend out a vehicle every couple of seconds to run over and shoot enemies.2500 Coins
74%
RocketeerShoot fast rockets that deal large damage, in a large radius!2500 Coins
74%
PursuitRoger that! A vehicle that follows a path and enemies.Level 100/1500 Robux
71%
ArcherShoot an arrow and requires time to aim. Exclusive tower.Gift of Sharpness
69%
HunterDeal medium damage to enemies with a rifle.850 Coins
69%
Toxic GunnerShoot a burst of poison bullets that slow down enemies!Triumph Trick or Threat Town
69%
MortarRain fire from above! Deals extremely high splash damage!Level 75/700 Robux
67%
ExecutionerBoomerang, you always come back! Hit multiple enemies at once with area damage. (Detects flying enemies)Triumph Totality Towers
64%
SlasherStabs nearby enemies and throws knives, dealing piercing damage. Exclusive tower.Triumph Nightmare Carnival
62%
SledgerBash zombies with powerful blows and freeze them.Triumph Outpost 32
62%
Mecha BaseSend out a mecha every couple of seconds to run over and shoot zombies.3500 Gems (removed)
57%
SwarmerOH NOES, THE BEES! Attack enemies with bees that do damage over time. Won Spring 2020.Triumph Eggy Island (Hard Mode)
52%
War MachineA one man army. Utilizes an exoskeleton to shoot 2 miniguns and launches missiles.Developer Exclusive Tower
50%
Frost BlasterUses an ice rifle to freeze zombies. Won from beating Winter 2019Triumph Village of Despair
48%
SentryShoot up to x2 the firerate!3650 Coins (removed)
43%
Void MinerMines the void for corruptionDeveloper Exclusive Tower
43%
TurrentShoots extremely strong bullets and chews bosses.Level 50/800 Robux
10%

Score Distribution

Percentile by Number Answered

Percent of People with Each Score

Your Score History

You have not taken this quiz